000 00591cam a2200181 4500
001 ABS61267
008 000000n1999 000 0 eng u
035 _a(Sirsi) u101888
100 _aBenyon, L.
245 _aIn a rich man's world.
260 _c1999
490 _aProperty Week
_v64(34) 3 September 1999, 26-28(3)
520 _aLooks at levels of boardroom pay in the property sector as the government attempts to curb excesses of executive salaries.
650 _aSALARIES
650 _aEXECUTIVES
690 _aMANAGEMENT-BUSINESS MANAGEMENT-PROFESSIONAL PRACTICE
942 _n0
999 _c60989
_d60989